Carbohydrates in rubberwood(Hevea brasiliensis Muell.) (Record no. 48006)
[ view plain ]
| 000 -LEADER | |
|---|---|
| fixed length control field | 01166nam a2200169Ia 4500 |
| 100 ## - MAIN ENTRY--AUTHOR NAME | |
| Personal name | Abdul Kadir Azizol |
| 245 #0 - TITLE STATEMENT | |
| Title | Carbohydrates in rubberwood(Hevea brasiliensis Muell.) |
| 260 ## - PUBLICATION, DISTRIBUTION, ETC. (IMPRINT) | |
| Name of publisher | Holzforschung |
| Year of publication | 1989 |
| 300 ## - PHYSICAL DESCRIPTION | |
| Number of Pages | 173-178 |
| 520 ## - SUMMARY, ETC. | |
| Summary, etc | Fresh rubberwood contains 1.05;to 2.29;free sugars and 7.53;to 10.17;starch(o.d). Since rubberwood is used as a raw material in the production of wood-cement boards, the presence of high carbohydrates cause a retarding effet on the cement setting. However, it was discovered that the carbohydrates could be easily reduced by natural storage in an open area for several weeks. The amount of total free sugars and starch decreased to 0.23;and 1.08;respectively after being stored for 20 weeks. The reduction of free sugars and starch after storage was rapid at the initial stage until 12 weeks, after which it remained practically constant. It was assumed that blue stains and other microorganisms in the wood consumed the free carbohydrates. |
| 650 ## - SUBJECT ADDED ENTRY--TOPICAL TERM | |
| Topical Term | Carbohydrates |
| 650 ## - SUBJECT ADDED ENTRY--TOPICAL TERM | |
| Topical Term | Hevea brasiliensis |
| 650 ## - SUBJECT ADDED ENTRY--TOPICAL TERM | |
| Topical Term | Rubberwood |
| 700 ## - ADDED ENTRY--PERSONAL NAME | |
| Personal name | Sudin R |
| 942 ## - ADDED ENTRY ELEMENTS (KOHA) | |
| Koha item type | Bibliography RLWO |
| Withdrawn status | Lost status | Damaged status | Not for loan | Home library | Current library | Date acquired | Serial Enumeration / chronology | Koha item type |
|---|---|---|---|---|---|---|---|---|
| Bibliography | RRII Library | RRII Library | 31/12/2021 | Volume 43, Issue 3 | Bibliography RLWO |